Last 100 words of the Return of the King - Statistics

General Stats
  • This quiz has been taken 137 times
  • The average score is 47 of 100
Answer Stats
Word % Correct
a
97%
the
93%
and
83%
And
83%
he
79%
He
79%
Sam
78%
to
78%
was
69%
they
67%
on
62%
on,
62%
said.
60%
went.
59%
went
59%
then
53%
back
52%
back,'
52%
in,
52%
in
52%
so
52%
I'm
50%
him
48%
his
48%
there
48%
were
48%
as
47%
At
47%
Merry
45%
Pippin
45%
last
43%
But
41%
'Well,
41%
came
40%
Rose
34%
took
33%
up
33%
again
31%
Hill,
31%
road.
31%
Road,
31%
little
29%
Elanor
28%
rode
28%
day
26%
over
26%
turned
26%
singing
24%
lap.
22%
light,
22%
put
22%
grey
21%
breath.
17%
chair,
17%
deep
17%
East
17%
more.
17%
Buckland;
16%
evening
16%
once
16%
drew
14%
ending
14%
fire
14%
upon
14%
already
12%
Bywater,
12%
meal
12%
expected.
10%
ready,
10%
set
10%
yellow
10%
downs
9%
within;
9%
No matching quizzes found
Score Distribution
Percent of People with Each Score
Percentile by Number Answered
Your Score History
You have not taken this quiz